Elogio de Sócrates (Registro nro. 63252)

Detalles MARC
000 -ENCABEZADO
Número de control [NR] 00804nam a2200241Ia 4500
008 - DE LONGITUD FIJA DE DATOS DE ELEMENTOS - INFORMACIÓN GENERAL
Elementos de longitud fija [NR] 130821s2008 sp gr spa
020 ## - NUMERO INTERNACIONAL NORMALIZADO PARA LIBROS [R]
Número Internacional Normalizado del libro [NR] 9788449321016
040 ## - FUENTE DE CATALOGACION [NR]
Agencia de catalogación original [NR] Co-BoUCM
Idioma de catalogación [NR] spa
041 00 - CODIGO DE IDIOMA [R]
Código de idioma para texto/pista de sonido o título separado [R] Español
100 1# - ASIENTO PRINCIPAL--NOMBRE PERSONAL [NR]
Nombre personal [NR] Hadot, Pierre
Fechas asociadas con el nombre [NR] 1922
ID Autoridad 53118
245 10 - MENCION DE TITULO [NR]
Título [NR] Elogio de Sócrates
Mención de responsabilidad, etc. [NR] Pierre Hadot ;Ana Millán Risco, traductor
260 ## - PUBLICACION, DISTRIBUCION, ETC. (PIE DE IMPRENTA) [R]
Lugar de publicación, distribución, etc. [R] Barcelona (España)
Nombre del editor, distribuidor, etc. [R] Paidós
Fecha de publicación, distribución, etc. [R] 2008
300 ## - DESCRIPCION FISICA [R]
Extensión [R] 113 páginas
490 #0 - MENCION DE SERIE [R]
Mención de serie [R] El arco de Ulises
Designación numérica/secuencial del volumen [NR] 3
600 04 - ASIENTO SECUNDARIO DE MATERIA - NOMBRE PERSONAL [R]
Nombre personal [NR] Sócrates
Fechas asociadas con el nombre [NR] 470-399 a. C.
Subdivisión general [R] Crítica e interpretación, etc.
9 (RLIN) 110407
650 04 - ASIENTO SECUNDARIO DE MATERIA - TERMINO TEMATICO [R]
Término temático o nombre geográfico como elemento de entrada [NR] Filosofía antigua
9 (RLIN) 15727
650 04 - ASIENTO SECUNDARIO DE MATERIA - TERMINO TEMATICO [R]
Término temático o nombre geográfico como elemento de entrada [NR] Filosofía griega
9 (RLIN) 15815
650 04 - ASIENTO SECUNDARIO DE MATERIA - TERMINO TEMATICO [R]
Término temático o nombre geográfico como elemento de entrada [NR] Filosofía
9 (RLIN) 75
700 1# - ASIENTO SECUNDARIO - NOMBRE PERSONAL [R]
Nombre personal [NR] Millán Risco, Ana
Término de relación [R]
9 (RLIN) 165730
765 ## - ASIENTO DE IDIOMA ORIGINAL [R]
Título [NR] Eloge de Socrate
942 ## - ELEMENTOS DE ENTRADA AGREGADOS (KOHA)
Tipo de ítem principal el descrito en 300a Libro
Tema principal Filosofía
Edición 1
Parte restante de la signatura top. H131e
Sistema de clasificación DEWEY
Clasificación 183.2
Existencias
Fecha de último préstamo Total préstamos Total Renewals Signatura topográfica Código de barras Última vez visto Ejemplar Price effective from Tipo de ítem Perdido Sistema de clasificación Dañado No prestable Tipo de ítem específico Suprimido Ubicación habitual Ubicación actual Localización Fecha de creación Forma de adquisición Costo
22/07/2014 6   183.2 H131e 100101250 19/05/2026 Ej.1 03/02/2013 Libro   DEWEY     Libro   Claustro Claustro 2do piso 28/02/2013 Compra 50200.00